[Event "Petersburg Summer Blitz 2013"]
[Site "St Petersburg RUS"]
[Date "2013.08.28"]
[Round "7.5"]
[White "Zvjaginsev,V"]
[Black "Demidov,M"]
[Result "1-0"]
[WhiteElo "2659"]
[BlackElo "2494"]

1.c4 e6 2.Nc3 d5 3.d4 Be7 4.Nf3 Nf6 5.Bf4 O-O 6.Rc1 a6 7.c5 b6 8.cxb6 cxb6
9.e3 Nc6 10.h3 Bb7 11.Bd3 Rc8 12.O-O h6 13.a4 Nb4 14.Be2 Bd6 15.Ne5 Qe7 16.Qb3 Rc7
17.Bg3 Rfc8 18.Bh4 Qf8 19.Bxf6 gxf6 20.Nd3 Qe7 21.Rcd1 f5 22.f4 a5 23.Nb5 Rc2
24.Nxd6 Qxd6 25.Rfe1 Kh8 26.Ne5 Kg7 27.Bh5 f6 28.e4 Kf8 29.Ng6+ Kg8 30.exf5 e5
31.fxe5 fxe5 32.Rxe5 Qf6 33.Ne7+ Kh8 34.Nxc8 Rxc8 35.Qe3 Nc2 36.Qf2 Qg5 37.f6 Qg8
38.f7 Qg7 39.Re8+  1-0

[Event "21st Honor to National Resistance"]
[Site "Nikaia GRE"]
[Date "2013.08.29"]
[Round "4.15"]
[White "Fessas,P"]
[Black "Papadopoulos,Geo4"]
[Result "1-0"]
[WhiteElo "1997"]
[BlackElo "1833"]

1.Nf3 Nf6 2.c4 e6 3.Nc3 d5 4.d4 Be7 5.Bf4 O-O 6.e3 b6 7.cxd5 Nxd5 8.Nxd5 Qxd5
9.Bd3 Qa5+ 10.Kf1 Ba6 11.h4 c5 12.Kg1 Bxd3 13.Qxd3 cxd4 14.exd4 Rd8 15.Ng5 Bxg5
16.hxg5 Qf5 17.Qxf5 exf5 18.Rc1 Nd7 19.Bd6 Nf8 20.Bxf8 Rxf8 21.Rh3 Rfd8 22.Rd3 Rd5
23.f4 Rad8 24.Rc7 g6 25.Rxa7 Rxd4 26.Rxd4 Rxd4 27.Rb7 Rd1+ 28.Kh2 Rd6 29.a3 Kf8
30.b3 Ke8 31.a4 Kf8 32.g3 Ke8 33.Kh3 Kf8 34.b4 Ke8 35.Kg2 Kf8 36.Kf3 Re6
37.a5 bxa5 38.bxa5 Rc6 39.Ke3 Rc3+ 40.Kd4 Rxg3 41.Kc5 Kg7 42.Rb4 Ra3 43.Kb6 Re3
44.a6 Re6+ 45.Ka5 Re8 46.a7 Ra8 47.Ka6 h6 48.Kb7 Re8 49.a8=Q Rxa8 50.Kxa8 hxg5
51.fxg5 Kf8 52.Rb6 Ke7 53.Rf6 Ke8 54.Kb7 Ke7 55.Kc7 Ke8 56.Kd6  1-0

[Event "TCh-ROU 2013"]
[Site "Mamaia ROU"]
[Date "2013.08.31"]
[Round "1.3"]
[White "Manolache,M"]
[Black "Vasile,Cl"]
[Result "1-0"]
[WhiteElo "2503"]
[BlackElo "2171"]

1.d4 d5 2.Nf3 Nf6 3.c4 e6 4.Nc3 Be7 5.Bf4 O-O 6.e3 c5 7.dxc5 Bxc5 8.a3 Nc6
9.cxd5 Nxd5 10.Nxd5 exd5 11.Bd3 Bb6 12.O-O d4 13.e4 Bg4 14.h3 Qf6 15.Bh2 Bxf3
16.Qxf3 Qxf3 17.gxf3 Rac8 18.Rfe1 Na5 19.Rad1 Nb3 20.Bd6 Ba5 21.Bb4 Bxb4
22.axb4 Rc6 23.e5 Rb6 24.b5 Nc5 25.Bc4 Ne6 26.f4 Nxf4 27.Rxd4 Nxh3+ 28.Kg2 Ng5
29.Rd7 Ne6 30.Red1 g5 31.R1d6 Rxd6 32.exd6 Rc8 33.Bxe6 fxe6 34.Kf3 h5 35.Ke4 Rc5
36.Re7 Kf8 37.Rxe6 Rc8 38.Kf5 Rc5+ 39.Ke4 Rc4+ 40.Kd5 Rc2 41.Re7 Rd2+ 42.Ke6 Re2+
43.Kd7 Rxf2 44.Re5 h4 45.Rxg5 h3 46.Rh5 h2 47.b4 Rc2 48.Kd8 b6 49.d7 Kf7
50.Rf5+ Ke6 51.Rf1 Rd2 52.Re1+ Kf7 53.Kc8 Rc2+ 54.Kb8 Rd2 55.Kxa7 Rxd7+ 56.Kxb6 Rd4
57.Ka5 Rh4 58.Rh1 Ke7 59.b6 Kd7 60.Ka6 Kc8 61.Ka7 Rxb4 62.Rc1+ Kd8 63.b7 Ra4+
64.Kb6 Rb4+ 65.Kc6 Rb2 66.Rd1+ Ke8 67.Ra1 Rc2+ 68.Kb6 Rb2+ 69.Ka7  1-0

[Event "FIDE World Cup 2013"]
[Site "Tromso NOR"]
[Date "2013.08.31"]
[Round "7.2"]
[White "Andreikin,D"]
[Black "Kramnik,V"]
[Result "1/2-1/2"]
[WhiteElo "2716"]
[BlackElo "2784"]

1.d4 Nf6 2.c4 e6 3.Nf3 d5 4.Nc3 Be7 5.Bf4 O-O 6.a3 b6 7.e3 c5 8.Qc2 cxd4
9.Nxd4 Bb7 10.Rd1 Nbd7 11.cxd5 e5 12.Nc6 Bxc6 13.dxc6 exf4 14.exf4 Bxa3 15.bxa3 Qe8+
16.Be2 Nc5 17.O-O Qxc6 18.Bf3 Nce4 19.Rc1 Qxc3 20.Qxc3 Nxc3 21.Rxc3 Rac8
22.Rfc1 Rxc3 23.Rxc3 Re8 24.g4 Kf8 25.g5 Ng8 26.Kg2 g6 27.h4 Ne7 28.Rc7 Nf5
29.h5 Re7 30.Rc8+ Re8 31.Rc7 Re7 32.Rc8+ Re8 33.Rc7  1/2-1/2

[Event "TCh-ROU 2013"]
[Site "Mamaia ROU"]
[Date "2013.09.01"]
[Round "2.1"]
[White "Shishkin,Va UKR"]
[Black "Timoshenko,G"]
[Result "1/2-1/2"]
[WhiteElo "2508"]
[BlackElo "2518"]

1.d4 d5 2.c4 e6 3.Nf3 Nf6 4.Nc3 Be7 5.Bf4 O-O 6.e3 c6 7.a3 Nbd7 8.h3 b6 9.cxd5 exd5
10.Bd3 Bb7 11.O-O c5 12.dxc5 Nxc5 13.Be2 Nfe4 14.Rc1 a6 15.Be5 Re8 16.b4 Ne6
17.Bd4 Bd6 18.Qb3 Nxd4  1/2-1/2

[Event "Petersburg Summer Rapid 2013"]
[Site "St Petersburg RUS"]
[Date "2013.09.01"]
[Round "5.1"]
[White "Shirov,A"]
[Black "Chadaev,N"]
[Result "1/2-1/2"]
[WhiteElo "2696"]
[BlackElo "2591"]

1.d4 Nf6 2.c4 e6 3.Nf3 d5 4.Nc3 Be7 5.Bf4 O-O 6.e3 Nbd7 7.a3 c5 8.cxd5 Nxd5
9.Nxd5 exd5 10.dxc5 Nxc5 11.Be2 Bg4 12.h3 Bh5 13.O-O Bf6 14.Ra2 Rc8 15.Nd4 Bxe2
16.Nxe2 Ne6 17.b4 d4 18.Rd2 Nxf4 19.Nxf4 Rc3 20.e4 Rxa3 21.Nd5 Ra6 22.Nxf6+ Qxf6
23.Rxd4 h6 24.Qd2 Re8 25.Rd1 Rae6 26.f3 R6e7 27.Rd6 Qg5 28.Qxg5 hxg5 29.Ra1 b6
30.Kf2 Rc8 31.Rd2 f6 32.Kg3  1/2-1/2

[Event "TCh-SRB 1st League 2013"]
[Site "Kragujevac SRB"]
[Date "2013.09.03"]
[Round "11.5"]
[White "Miljkovic,Mir1"]
[Black "Georgiev,Ki"]
[Result "1/2-1/2"]
[WhiteElo "2456"]
[BlackElo "2637"]

1.d4 Nf6 2.c4 e6 3.Nf3 d5 4.Nc3 Be7 5.Bf4 O-O 6.e3 Nbd7 7.a3 c5 8.cxd5 Nxd5
9.Nxd5 exd5 10.dxc5 Nxc5 11.Be5 Bf6 12.Be2 Bxe5 13.Nxe5 Be6 14.Nd3 Rc8 15.O-O d4
16.Nxc5 Rxc5 17.exd4 Rd5 18.Qa4 Qb6 19.Qb4 Qxb4 20.axb4 Rxd4 21.b5 Rd2 22.Bf3 b6
23.b4 Rb2 24.Rfb1 Rxb1+ 25.Rxb1 Re8 26.Bc6 Re7 27.Rd1 g5 28.h3 Kg7 29.Rd4 h6
30.f3 Bf5 31.Kf2 Bg6 32.h4 Bc2 33.hxg5 hxg5 34.Rd5 f6 35.Rd8 Bb3 36.Rd4 Bf7
37.f4 gxf4 38.Rxf4 Re5 39.Rd4 Re7  1/2-1/2

[Event "TCh-ROU 2013"]
[Site "Mamaia ROU"]
[Date "2013.09.03"]
[Round "4.4"]
[White "Parligras,M"]
[Black "Danilov,V"]
[Result "1-0"]
[WhiteElo "2560"]
[BlackElo "2405"]

1.d4 d5 2.c4 e6 3.Nc3 Be7 4.Nf3 Nf6 5.Bf4 O-O 6.Rc1 c6 7.e3 Nbd7 8.h3 a6
9.cxd5 exd5 10.Bd3 Re8 11.O-O Nf8 12.a3 Ng6 13.Bh2 Bd6 14.Bxd6 Qxd6 15.Qc2 Be6
16.b4 Re7 17.Na4 Rae8 18.Nc5 Bc8 19.a4 Ne4 20.b5 axb5 21.axb5 f5 22.bxc6 bxc6
23.Rfe1 Qf6 24.Bf1 f4 25.exf4 Nxf4 26.Nxe4 dxe4 27.Ne5 Qg5 28.Kh2 Bf5 29.Qb3+ Be6
30.Qe3 Bd5 31.Nxc6 Re6 32.Nb4 Qf5 33.Rc5 Rd6 34.g3 Ne6 35.Rxd5 Rxd5 36.Nxd5 Ng5
37.Rc1 Kh8 38.Nf4 Nf3+ 39.Kg2 g5 40.Ne2 Re6 41.Rc8+ Kg7 42.Rc7+ Kh6 43.Ng1 Nxg1
44.Kxg1 Kg6 45.Bc4  1-0

[Event "Satka Autumn 2013"]
[Site "Satka RUS"]
[Date "2013.09.03"]
[Round "1"]
[White "Tarasova,Viktoriy"]
[Black "Andreeva,E"]
[Result "1-0"]
[WhiteElo "2294"]
[BlackElo "1992"]

1.d4 d5 2.c4 e6 3.Nf3 Be7 4.Nc3 Nf6 5.Bf4 O-O 6.a3 a5 7.h3 b6 8.e3 Bb7 9.Bd3 Ne4
10.cxd5 Nxc3 11.bxc3 exd5 12.Qc2 h6 13.O-O Bd6 14.Rfe1 Bxf4 15.exf4 Nd7 16.Ne5 Nf6
17.a4 Qd6 18.Rab1 Ba6 19.Bxa6 Rxa6 20.c4 c5 21.cxd5 Nxd5 22.dxc5 bxc5 23.Rbd1 Rd8
24.Rd3 Qc7 25.Red1 Rad6 26.Qb3 Rb8 27.Qa3 Qb7 28.g3 Rc8 29.Kh2 Kh7 30.R3d2 f6
31.Nc4 Rd7 32.Qf3 Nb6 33.Qxb7 Rxb7 34.Nd6 Rbc7 35.Nxc8 Rxc8 36.Rb1 Nxa4 37.Rb5 Ra8
38.Rc2 Ra6 39.Rc4 Nb6 40.Rcxc5 Nd7 41.Rd5 Ra7 42.Rxa5 Rc7 43.Rd4 Kg6 44.Rad5 Nf8
45.Ra5 Kf7 46.Rda4 Rc2 47.Ra2 Rc3 48.Ra7+ Kg6 49.Re2 Rc6 50.Rea2 Rc4 51.R2a6 Re4
52.Rb7 Rc4 53.Kg2 h5 54.Re7 h4 55.Raa7 hxg3 56.Rxg7+ Kf5 57.Ra5+ Ke4 58.f3+ Kd3
59.f5  1-0

[Event "15th Trieste Open"]
[Site "Trieste ITA"]
[Date "2013.09.03"]
[Round "5"]
[White "Postny,E"]
[Black "Oparin,G"]
[Result "1/2-1/2"]
[WhiteElo "2628"]
[BlackElo "2504"]

1.d4 d5 2.c4 e6 3.Nc3 Be7 4.Nf3 Nf6 5.Bf4 O-O 6.a3 b6 7.e3 Bb7 8.cxd5 exd5
9.Bd3 c5 10.O-O Nbd7 11.h3 Ne4 12.Qc2 Ndf6 13.dxc5 bxc5 14.Nxe4 Nxe4 15.Bxe4 dxe4
16.Ne5 Qd5 17.Rfd1 Qe6 18.Qc4 Rfd8 19.Qxe6 fxe6 20.Rac1 Rd5 21.f3 exf3 22.Nxf3 Rxd1+
23.Rxd1 Rd8 24.Rxd8+ Bxd8 25.Bd6 c4 26.Nd2 Bd5 27.Be5 a6 28.Kf2 Ba5 29.Bc3 Bb6
30.Bd4 Ba5 31.Nf3 Kf8 32.Ne5 Bc7 33.Nd7+ Kf7 34.g4 Bc6 35.Ne5+ Bxe5  1/2-1/2

[Event "78th ch-ESP 2013"]
[Site "Linares ESP"]
[Date "2013.09.04"]
[Round "7.13"]
[White "Astasio Lopez,D"]
[Black "Nicolas Zapata,I"]
[Result "1-0"]
[WhiteElo "2392"]
[BlackElo "2253"]

1.d4 Nf6 2.Nf3 d5 3.c4 e6 4.Nc3 Be7 5.Bf4 O-O 6.e3 c5 7.dxc5 Bxc5 8.a3 a5
9.Rc1 Nc6 10.cxd5 exd5 11.Nb5 Bb6 12.Be2 Ne4 13.O-O Bg4 14.h3 Bh5 15.Ne5 Bxe2
16.Qxe2 Rc8 17.Rfd1 Qe7 18.Rxd5 Nf6 19.Nxc6 Rxc6 20.Rdd1 Rxc1 21.Rxc1 Rd8
22.Nc3 h6 23.Rd1 Re8 24.Qb5 Qc5 25.Rd5 Qxb5 26.Rxb5 Re6 27.Kf1 Kf8 28.Ke2 Ke7
29.Be5 Nd7 30.Nd5+ Kf8 31.Bc3 a4 32.Nxb6 Nxb6 33.Bd4  1-0

[Event "Satka Autumn 2013"]
[Site "Satka RUS"]
[Date "2013.09.05"]
[Round "3"]
[White "Tarasova,Viktoriy"]
[Black "Semenova,El1"]
[Result "1-0"]
[WhiteElo "2294"]
[BlackElo "2186"]

1.d4 d5 2.c4 e6 3.Nc3 Be7 4.Nf3 Nf6 5.Bf4 O-O 6.a3 dxc4 7.e3 a6 8.Bxc4 b5
9.Bd3 Bb7 10.Qe2 Nbd7 11.Rd1 c5 12.dxc5 Bxc5 13.b4 Be7 14.O-O Rc8 15.Rc1 Nb6
16.Rfd1 Nbd5 17.Be5 Nxc3 18.Bxc3 Nd5 19.Be5 f6 20.Bb2 Qd7 21.Nd4 Rxc1 22.Rxc1 Rc8
23.Rxc8+ Qxc8 24.Qg4 e5 25.Bf5 Qc4 26.Qh5 g6 27.Bxg6 hxg6 28.Qxg6+ Kh8 29.Ne6 Bf8
30.Nxf8 Qe2 31.Qh7+  1-0

[Event "14th Karpov GM"]
[Site "Poikovsky RUS"]
[Date "2013.09.06"]
[Round "9.4"]
[White "Onischuk,Al"]
[Black "Jakovenko,D"]
[Result "1/2-1/2"]
[WhiteElo "2667"]
[BlackElo "2724"]

1.d4 Nf6 2.c4 e6 3.Nf3 d5 4.Nc3 Be7 5.Bf4 O-O 6.e3 Nbd7 7.c5 Nh5 8.Bd3 Nxf4
9.exf4 c6 10.O-O b6 11.b4 a5 12.a3 Qc7 13.g3 Ba6 14.Kg2 Bxd3 15.Qxd3 Ra7
16.Rfc1 Rfa8 17.Rab1 axb4 18.axb4 Ra3 19.Qc2 h6 20.h4 Qb7 21.Nd1 Ra2 22.Rb2 Rxb2
23.Qxb2 Bf6 24.Qc2 bxc5 25.bxc5 Ra3 26.Rb1 Qa6 27.Ne3 Ra2 28.Rb2 Rxb2 29.Qxb2 h5  1/2-1/2

[Event "TCh-SUI 2013"]
[Site "Switzerland SUI"]
[Date "2013.09.08"]
[Round "7.3"]
[White "Bauer,Ch"]
[Black "Istratescu,A"]
[Result "1/2-1/2"]
[WhiteElo "2637"]
[BlackElo "2655"]

1.c4 e6 2.Nc3 d5 3.d4 Be7 4.Nf3 Nf6 5.Bf4 O-O 6.e3 Nbd7 7.c5 c6 8.h3 b6 9.b4 a5
10.a3 Bb7 11.Bd3 Qc8 12.O-O Ba6 13.Qc2 Bxd3 14.Qxd3 Qb7 15.Qc2 Ra7 16.Rab1 axb4
17.axb4 Rfa8 18.Rfc1 bxc5 19.bxc5 Qc8 20.Ne1 Bd8 21.Nd3 Bc7 22.Rb3 Nf8 23.Ne5 Qe8  1/2-1/2

[Event "52nd World Juniors"]
[Site "Kocaeli TUR"]
[Date "2013.09.13"]
[Round "1.42"]
[White "Laurusas,T"]
[Black "Pon,M"]
[Result "1-0"]
[WhiteElo "2398"]
[BlackElo "1919"]

1.Nf3 Nf6 2.c4 e6 3.d4 d5 4.Nc3 Be7 5.Bf4 c6 6.e3 Nbd7 7.Bd3 Nh5 8.Be5 Nhf6
9.O-O O-O 10.Qc2 Re8 11.Rad1 Nf8 12.e4 dxc4 13.Bxc4 b5 14.Bb3 Qb6 15.d5 c5
16.d6 Bd8 17.Nxb5 Ba6 18.a4 N6d7 19.Bc4 Bxb5 20.axb5 Ng6 21.Bg3 Bf6 22.Ra1 Qb7
23.Ra6 Nb8 24.e5 Nxa6 25.bxa6 Qd7 26.exf6 gxf6 27.Rd1 Rab8 28.Nd2 Kg7 29.Ne4 Rec8
30.f4 e5 31.fxe5 fxe5 32.Qf2 f5 33.Nxc5  1-0

[Event "ACP Cup 2013"]
[Site "Riga LAT"]
[Date "2013.09.13"]
[Round "1.1"]
[White "Shirov,A"]
[Black "Radjabov,T"]
[Result "1/2-1/2"]
[WhiteElo "2696"]
[BlackElo "2733"]

1.d4 Nf6 2.c4 e6 3.Nf3 d5 4.Nc3 Be7 5.Bf4 O-O 6.e3 Nbd7 7.cxd5 Nxd5 8.Nxd5 exd5
9.Bd3 c5 10.O-O b6 11.dxc5 bxc5 12.e4 d4 13.Rc1 Nb6 14.Ne5 Bb7 15.Qg4 Qc8
16.Qxc8 Rfxc8 17.Nc4 Nxc4 18.Bxc4 a5 19.f3 a4 20.Kf2 Ba6 21.Ke2 Rc6 22.Kd3 Rb6
23.Rf2 Kf8 24.Bxa6 Raxa6 25.Rc4 Ke8 26.Rfc2 Kd7 27.Bc1 g6 28.f4 f5 29.Re2 Re6
30.e5 h5 31.g3 Kc6 32.h3 Kd5 33.Rg2 Reb6 34.h4 Rb5 35.Rgc2 Bd8 36.Bd2 Bb6
37.Bc1 Bd8 38.Re2 Ke6 39.Rec2 Be7 40.Re2 Bf8 41.Rec2 Be7 42.Re2 Bf8  1/2-1/2

[Event "Mohamed Slama Mem 2013"]
[Site "Monastir TUN"]
[Date "2013.09.14"]
[Round "9.6"]
[White "Amdouni,Z"]
[Black "Boudriga,M"]
[Result "1/2-1/2"]
[WhiteElo "2253"]
[BlackElo "2274"]

1.d4 d5 2.Nf3 Nf6 3.c4 e6 4.Nc3 Be7 5.Bf4 a6 6.cxd5 exd5 7.e3 O-O 8.Bd3 Nbd7
9.Rc1 Re8 10.O-O c5 11.dxc5 Nxc5 12.h3 Be6 13.Bb1 Rc8 14.Nd4 Qd7 15.Nxe6 Nxe6
16.Be5 Red8 17.Qe2 Nc5 18.Qf3 Qe6  1/2-1/2

[Event "1st League Cent-SRB 2013"]
[Site "Kragujevac SRB"]
[Date "2013.09.15"]
[Round "3.5"]
[White "Parligras,M"]
[Black "Markovic,ZS"]
[Result "1-0"]
[WhiteElo "2560"]
[BlackElo "2363"]

1.d4 d5 2.c4 e6 3.Nc3 Nf6 4.Nf3 Be7 5.Bf4 O-O 6.Rc1 c5 7.dxc5 Bxc5 8.e3 Nc6
9.a3 d4 10.exd4 Nxd4 11.b4 Nxf3+ 12.Qxf3 Bd4 13.Nb5 e5 14.Bg5 e4 15.Qg3 Nh5
16.Bxd8 Nxg3 17.Bc7 Nf5 18.c5 Bf6 19.Bc4 e3 20.Bf4 exf2+ 21.Kxf2 a5 22.g4 axb4
23.gxf5 bxa3 24.Nd6 Bd7 25.Ba2 Bc6 26.Rhd1 Ra4 27.Rc4 Ra5 28.Rd3 h6 29.Bd2 Ra6
30.Bc3  1-0

[Event "US Chess League 2013"]
[Site "chess.com INT"]
[Date "2013.09.18"]
[Round "4"]
[White "Kaufman,La"]
[Black "Xiong,Jeffrey"]
[Result "0-1"]
[WhiteElo "2332"]
[BlackElo "2369"]

1.d4 Nf6 2.c4 e6 3.Nf3 d5 4.Nc3 Be7 5.Bf4 O-O 6.a3 Nbd7 7.Nb5 Ne8 8.e3 c6
9.Nc3 b6 10.Bd3 Nd6 11.cxd5 cxd5 12.Qc2 Nf6 13.Ne5 Bb7 14.O-O Rc8 15.f3 h6
16.g4 Nd7 17.Rad1 Nxe5 18.dxe5 Nc4 19.e4 d4 20.Bxc4 Rxc4 21.Qb3 Ba6 22.Nb5 Rc5
23.a4 Bxb5 24.axb5 Qd7 25.Qa4 Qxb5 26.Qxa7 Rc2 27.Qxe7 Qe2 28.Rd2 Rxd2 29.Bxd2 Qxd2
30.Rf2 Qe3 31.Qb4 d3 32.Kg2 Rc8 33.Qd2 Qd4 34.Qd1 Qe3 35.b4 Rc1 36.Qa4 d2
37.Qe8+ Kh7 38.Qxf7 d1=Q 39.Qxe6 Qdxf3+ 40.Rxf3 Rg1+ 41.Kh3 Qxf3+ 42.Kh4 g5+  0-1

[Event "TCh-CRO w Liga 2013"]
[Site "Bol CRO"]
[Date "2013.09.19"]
[Round "6.3"]
[White "Ivekovic,Zvjezdana"]
[Black "Blazeka,Mihaela"]
[Result "1/2-1/2"]
[WhiteElo "1647"]
[BlackElo "1798"]

1.d4 d5 2.c4 e6 3.Nc3 Nf6 4.Nf3 Be7 5.Bf4 O-O 6.e3 c5 7.dxc5 Bxc5 8.cxd5 exd5
9.a3 Re8 10.Be2 Nc6 11.O-O Be6 12.Rc1 Be7 13.h3 Rc8 14.Re1 a6 15.Nd4 Nxd4
16.Qxd4 Bc5 17.Qd1 Bd6 18.Bxd6 Qxd6 19.Bf3 Qb6 20.Qd2 Rc4 21.Ne2 Nd7 22.Bxd5 Rxc1
23.Rxc1 Qd6 24.Rd1 Bxd5 25.Qxd5 Qxd5 26.Rxd5 Nf6 27.Rd2 Kf8 28.Nc3 Rc8 29.Kf1 Ne8
30.Ke2 Nc7 31.Na4 Ne6 32.Nb6 Rc6 33.Nd7+ Ke7 34.Ne5 Rc7 35.Kd1 f6 36.Nd3 Ng5
37.Rc2 Rd7 38.Ke2 Ne6 39.Nb4 Ng5 40.Rd2 Rxd2+ 41.Kxd2 Ne4+ 42.Ke2 Kd6 43.Nd3 Kd5
44.Kd1 Kc4 45.Kc2 a5 46.b3+ Kd5 47.f3 Ng3 48.Nf4+ Ke5 49.Kd3 Nf5 50.Kd2 Nh4
51.Nd3+ Kd5 52.Ne1 b6 53.g3 Ng6 54.Nd3 Nf8 55.Nf4+ Ke5 56.Kc3 Nd7 57.Kc4 f5
58.Nd3+ Kd6 59.Kb5 g6 60.Kc4 Ke6 61.Nf4+ Kd6 62.Ne2 Ne5+ 63.Kb5 Nd7 64.Nd4 Kc7
65.Ne6+ Kb7 66.e4 fxe4 67.fxe4 Nf6 68.Ng5 h6 69.e5 Nd5 70.Nf7 h5 71.a4 Ne7
72.Ng5 Nf5 73.Ne4 Ne7 74.Nd6+ Kc7 75.Nc4 Nd5 76.e6 Kb7 77.Nd6+ Kc7 78.Nc4 Kb7
79.Ne5 Ne7 80.Kc4 Kc7 81.Nf7 Nf5 82.Ne5 Ne7 83.Kb5 Kb7 84.b4 axb4 85.Kxb4 Kc7
86.Kb5 Kb7 87.Nc4 Nc8 88.e7 Na7+ 89.Kb4 Nc6+  1/2-1/2

[Event "TCh-CRO Ia Liga 2013"]
[Site "Bol CRO"]
[Date "2013.09.20"]
[Round "7.5"]
[White "Khenkin,I"]
[Black "Hracek,Z"]
[Result "1/2-1/2"]
[WhiteElo "2617"]
[BlackElo "2635"]

1.d4 Nf6 2.c4 e6 3.Nf3 d5 4.Nc3 Be7 5.Bf4 O-O 6.e3 Nbd7 7.a3 c5 8.cxd5 Nxd5
9.Nxd5 exd5 10.dxc5 Nxc5 11.Be5 Bf6 12.Bxf6 Qxf6 13.Qd4 Qd6 14.Rd1 Rd8 15.b4 Ne6
16.Qb2 a5 17.Bd3 axb4 18.axb4 Bd7 19.O-O Ra4 20.Rb1 Rda8  1/2-1/2

[Event "e2e4 Bedford Open 2013"]
[Site "Bedford ENG"]
[Date "2013.09.21"]
[Round "2"]
[White "Dixit,Kumar"]
[Black "Doci,S"]
[Result "0-1"]
[WhiteElo "1931"]
[BlackElo "2075"]

1.d4 d5 2.Nf3 Nf6 3.c4 e6 4.Nc3 Be7 5.Bf4 O-O 6.e3 a6 7.h3 Nbd7 8.Rc1 dxc4
9.Bxc4 b5 10.Bd3 c5 11.O-O Bb7 12.Qe2 Qb6 13.Rfd1 Rfd8 14.Bb1 Rac8 15.dxc5 Nxc5
16.Rxd8+ Rxd8 17.b4 Ncd7 18.a3 Rc8 19.Na2 Rxc1+ 20.Nxc1 a5 21.Nd3 Nd5 22.Qd2 axb4
23.Nxb4 N7f6 24.Nxd5 Nxd5 25.Be5 Nf6 26.Qc2 Bxa3 27.Bxf6 gxf6 28.Qxh7+ Kf8
29.Qd3 Bd6 30.Nd4 b4 31.Ba2 Qc5 32.Nb3 Qc6 33.e4 Ba6 34.Qd2 Ke7 35.f3 Qc4
36.Qf2 Qd3 37.g3 Bc4 38.Na5 b3 39.Nxc4 Qxc4 40.Bxb3 Qxb3 41.Kg2 Qc4 42.Qd2 Bc5
43.Kh2 Qd4 44.Qxd4 Bxd4 45.f4 Kf8 46.g4 Kg7 47.h4 Bf2 48.Kh3 Kh6 49.g5+ Kh5
50.gxf6 Bxh4 51.e5 Be1 52.f5 exf5  0-1

[Event "9th Highlands Open"]
[Site "Trebic CZE"]
[Date "2013.09.22"]
[Round "2"]
[White "Bartos,J"]
[Black "Pavlicek,P"]
[Result "1-0"]
[WhiteElo "2267"]
[BlackElo "1985"]

1.d4 Nf6 2.c4 e6 3.Nc3 d5 4.Nf3 Be7 5.Bf4 O-O 6.e3 Nbd7 7.Qc2 b6 8.cxd5 exd5
9.Bd3 c6 10.O-O h6 11.h3 c5 12.Rfd1 Bb7 13.Ne5 cxd4 14.exd4 Rc8 15.Bf5 Re8
16.Qb3 Bf8 17.Qa4 Re7 18.Nb5 Bc6 19.Nxc6 Rxc6 20.Qxa7 Nc5 21.Qb8 Qxb8 22.Bxb8 Ncd7
23.Bf4 Re2 24.Na7  1-0

[Event "XXI Vallfogona Rapid Open"]
[Site "Vallfogona de Balaguer ESP"]
[Date "2013.09.22"]
[Round "10.7"]
[White "Esplugas Esteve,V1"]
[Black "Barbero Senidic,A"]
[Result "1-0"]
[WhiteElo "2231"]
[BlackElo "2340"]

1.d4 d5 2.c4 e6 3.Nc3 Be7 4.Nf3 Nf6 5.Bf4 O-O 6.e3 c5 7.dxc5 Bxc5 8.cxd5 exd5
9.Be2 Nc6 10.O-O h6 11.Ne5 Be6 12.Rc1 Bd6 13.Nxc6 bxc6 14.Bxd6 Qxd6 15.Na4 Nd7
16.Qd4 Bf5 17.Nc5 Nf6 18.Qa4 Rfb8 19.b3 a5 20.Na6 Rb6 21.Qxa5 Rbxa6 22.Bxa6 c5
23.Qxc5 Qxa6 24.a4 Rb8 25.Qc6 Qa5 26.Qc7 Qb4 27.a5 Ra8 28.Ra1 Bd3 29.Qb6 Qg4
30.f3 Qg5 31.Rfc1 Kh7 32.b4 Qe5 33.Qd4 Qxd4 34.exd4 Bc4 35.Re1 Ra7 36.Re5 Kg6
37.Rae1 Rb7 38.Rb1 Nd7 39.Re8 Nb8 40.Rc8 Kf5 41.b5 Na6 42.Kf2 Bxb5 43.Rd8 Bc6
44.Rxb7 Bxb7 45.Rd7 Bc8 46.Rxf7+ Kg6 47.Rf8 Bb7 48.Rd8 Kf7 49.Rd7+  1-0

[Event "FIDE WGP Tashkent"]
[Site "Tashkent UZB"]
[Date "2013.09.26"]
[Round "8.3"]
[White "Danielian,E"]
[Black "Khotenashvili,B"]
[Result "1/2-1/2"]
[WhiteElo "2470"]
[BlackElo "2514"]

1.d4 d5 2.c4 e6 3.Nf3 Nf6 4.Nc3 Be7 5.Bf4 O-O 6.e3 Nbd7 7.Qc2 c5 8.dxc5 Nxc5
9.a3 dxc4 10.Bxc4 a6 11.Rd1 Qe8 12.b4 b5 13.Ba2 Na4 14.Nxa4 bxa4 15.O-O Bb7
16.Be5 Rc8 17.Qb2 Qb5 18.Bb1 Rfd8 19.h3 h6 20.Rxd8+ Rxd8 21.Rc1 Rc8 22.Rxc8+ Bxc8
23.Qc2 Bb7 24.Qc7 Qd7 25.Qb8+ Qc8 26.Bc2 Qxb8 27.Bxb8 Nd5 28.Bxa4 Nc3 29.Bc2 Nb5
30.a4 Nc3 31.b5 axb5 32.axb5 Nxb5 33.Bd3 Bxf3 34.Bxb5 Bd5 35.Ba7 Bd6 36.Bd4 Bc7
37.Bc3 Bd6 38.Bd4 Bc7 39.Bc3 Bd6 40.Bd4  1/2-1/2

[Event "Caissa IM September 2013"]
[Site "Kecskemet HUN"]
[Date "2013.09.28"]
[Round "8.3"]
[White "Kojima,S"]
[Black "Sarosi,Z"]
[Result "1/2-1/2"]
[WhiteElo "2357"]
[BlackElo "2265"]

1.Nf3 Nf6 2.c4 e6 3.Nc3 d5 4.d4 Be7 5.Bf4 O-O 6.e3 c6 7.h3 Nbd7 8.Qc2 b6
9.Rd1 Bb7 10.a3 Rc8 11.Be2 a5 12.O-O Re8 13.cxd5 exd5 14.Bd3 g6 15.Rc1 Nf8
16.Rfd1 Ne6 17.Bh2 b5 18.Ne5 Nd7 19.Nf3 Nf6 20.Qe2 Bf8 21.a4 b4 22.Nb1 Ne4
23.Nbd2 Nxd2 24.Rxd2 f6 25.Rdc2 Qb6 26.Qd1 c5 27.Bb5 Red8 28.dxc5 Bxc5 29.Qe2 Kg7
30.Bg3 Kf7 31.Rd1 Kg7 32.Rdc1 Kf7 33.Nd2 Be7 34.Nb3 Rxc2 35.Rxc2 Rc8 36.Bd7 Rxc2
37.Qxc2 Nc5 38.Nxc5 Bxc5 39.Qe2 Ke7 40.Bb5 Kf7 41.Qg4 Bc6 42.Qh4 Kg7 43.Bxc6 Qxc6
44.Qf4 b3 45.h4 h5 46.Qb8 Bb4 47.Bf4 Qd7 48.Qb6  1/2-1/2

[Event "St Petersburg Rapid Cup 2013"]
[Site "St Petersburg RUS"]
[Date "2013.09.28"]
[Round "1.1"]
[White "Matlakov,M"]
[Black "Pershin,Denis"]
[Result "1-0"]
[WhiteElo "2676"]
[BlackElo "2190"]

1.Nf3 Nf6 2.c4 e6 3.Nc3 d5 4.d4 Be7 5.Bf4 O-O 6.e3 b6 7.cxd5 exd5 8.Be2 Bb7
9.O-O c5 10.dxc5 bxc5 11.Qc2 Na6 12.Rad1 Nc7 13.Bc4 Bd6 14.Bxd6 Qxd6 15.e4 Qf4
16.Bxd5 Ncxd5 17.Nxd5 Qxe4 18.Nxf6+ gxf6 19.Qxc5 Rfc8 20.Qd6 Qg4 21.Rd4 Qg6
22.Nh4 Qg5 23.Qb4 Ba6 24.Rg4 Bxf1 25.Kxf1 Rc1+ 26.Ke2 Re8+ 27.Kf3 Rc6 28.Rxg5+ fxg5
29.Nf5 Rf6 30.g4  1-0

[Event "4th Biella Open A 2013"]
[Site "Biella ITA"]
[Date "2013.09.29"]
[Round "5.6"]
[White "Vezzosi,P"]
[Black "Rudolf,An"]
[Result "0-1"]
[WhiteElo "2271"]
[BlackElo "2308"]

1.d4 d5 2.Nf3 Nf6 3.c4 e6 4.Nc3 Be7 5.Bf4 O-O 6.e3 Nbd7 7.c5 Nh5 8.Bd3 Nxf4
9.exf4 b6 10.b4 a5 11.a3 c6 12.O-O Qc7 13.Qd2 Ba6 14.Bxa6 Rxa6 15.Rae1 axb4
16.axb4 Rfa8 17.g3 Ra3 18.Re3 Qb7 19.f5 Nf8 20.Ne5 f6 21.Nd3 e5 22.Ne2 Ra2
23.Qd1 bxc5 24.bxc5 Nd7 25.Nef4 Nxc5 26.Nxc5 Bxc5 27.dxc5 exf4 28.Re6 Qb4
29.Qh5 Rf8 30.Rxc6 Rc2 31.Qf3 Rxc5 32.Rxc5 Qxc5 33.Qxf4 d4 34.g4 Qd5 35.Rd1 Re8
36.h3 d3 37.Kh2 h6 38.Qd2 Re2 39.Qxd3 Rxf2+ 40.Kg3 Qg2+ 41.Kh4 Rf3  0-1

[Event "Tatry Open 2013"]
[Site "Tatranske Zruby SVK"]
[Date "2013.09.29"]
[Round "1.6"]
[White "Vyskocil,N"]
[Black "Hacik,R"]
[Result "1-0"]
[WhiteElo "2376"]
[BlackElo "2209"]

1.d4 Nf6 2.Nf3 d5 3.c4 e6 4.Nc3 Be7 5.Bf4 O-O 6.e3 a6 7.cxd5 exd5 8.Bd3 Re8
9.h3 h6 10.O-O Nbd7 11.Rc1 Nf8 12.Bb1 c6 13.a3 Bd6 14.Bxd6 Qxd6 15.Ne5 c5
16.f4 c4 17.g4 Be6 18.Qf3 Rad8 19.g5 Ne4 20.Nxe4 dxe4 21.Bxe4 hxg5 22.fxg5 Re7
23.Qh5 Rc7 24.Rf4 g6 25.Qh6 Bd5 26.Rh4  1-0

[Event "23rd EYCC Girls U18 2013"]
[Site "Budva MNE"]
[Date "2013.09.30"]
[Round "2.14"]
[White "Ivanova,Karina"]
[Black "Tomic,Milanka"]
[Result "1-0"]
[WhiteElo "2018"]
[BlackElo "1672"]

1.d4 d5 2.c4 e6 3.Nf3 Nf6 4.Nc3 Be7 5.Bf4 c6 6.e3 Nbd7 7.Bd3 dxc4 8.Bxc4 O-O
9.O-O Nb6 10.Bb3 Nbd5 11.Nxd5 exd5 12.Nd2 Bf5 13.Re1 h6 14.Bg3 Re8 15.f3 Bb4
16.a3 Bxd2 17.Qxd2 Qb6 18.Bd1 a5 19.a4 Re6 20.Re2 Qa6 21.Re1 Qb6 22.Re2 Qa6
23.Bc2 Bxc2 24.Qxc2 Rae8 25.Bf2 b6 26.Ra3 c5 27.Rd2 c4 28.Rc3 b5 29.axb5 Qxb5
30.b3 cxb3 31.Rxb3 Qa4 32.Qa2 Qxa2 33.Rxa2 Ra6 34.Ra4 Rc8 35.Be1 Rca8 36.Rb5 Kf8
37.Rbxa5 Rxa5 38.Rxa5 Rb8 39.Ra2 Re8 40.Bb4+ Kg8 41.Kf2 g5 42.Bd6 Nd7 43.g4 Nb6
44.Bc5 Nd7 45.Ke2 Kg7 46.Kd3 Nf6 47.Bd6 Kg6 48.Ra5 h5 49.h3 hxg4 50.hxg4 Rh8
51.Be5 Rh3 52.Ra6 Rxf3 53.Ke2  1-0

[Event "Tatry Open 2013"]
[Site "Tatranske Zruby SVK"]
[Date "2013.10.01"]
[Round "3.21"]
[White "Kolesar,Mil"]
[Black "Prandstetter,E"]
[Result "1/2-1/2"]
[WhiteElo "2141"]
[BlackElo "2259"]

1.Nf3 d5 2.d4 Nf6 3.c4 e6 4.Nc3 Be7 5.Bf4 O-O 6.e3 c5 7.dxc5 Bxc5 8.cxd5 Nxd5
9.Nxd5 exd5 10.a3 Nc6 11.Bd3 Bb6 12.O-O Bg4 13.h3 Bh5 14.b4 a6 15.Rc1 d4
16.e4 Qe7 17.Re1 Bxf3 18.Qxf3 Ne5 19.Bxe5 Qxe5 20.Bc4 Rad8 21.Bd5 Rd7 22.Rc4 g6
23.Rec1 Kg7 24.Rc8 Rxc8 25.Rxc8 d3 26.Qxd3 Qa1+ 27.Kh2 Bxf2 28.Qc3+ Qxc3
29.Rxc3 h5 30.Rf3 Bd4  1/2-1/2